000 00541nam a22002057a 4500
999 _c7490
_d7490
003 OSt
005 20211116113852.0
008 211116b ||||| |||| 00| 0 eng d
020 _a1822415229
040 _cDDC
082 _a001.42 KOT 2004
100 _aKothari, C.R
_915321
245 _aResearch Methodology:
_bMethods and Techniques
250 _a2nd ed.
300 _axvi,401p.:
_bill;
_c24cm.
504 _aIncludes Index.
650 _aResearch -- Methodology.
_915322
650 _aTechnical writing.
_915348
942 _2ddc
_cBOOK